000
00248nam a22001097a 4500
999
_c
153495
_d
153495
082
_a
_b
245
_a
Maithilisharan Gupta/
_c
by Prabhakar Machvey.
260
_a
Delhi:
_b
Rajpal Prakashan,
_c
1993.
300
_a
95p.
650
_a
942
_c
BK